Bilecik Bilecik Bilecik Bilecik Bilecik

MİT'in gizli tarihi/ (Record no. 9582)

MARC details
000 -BAŞLIK
Sabit Uzunluktaki Kontrol Alanı 01103nam a22003617a 4500
001 - KONTROL NUMARASI
Control Dosyası 0009610
003 - KONTROL NUMARASI KİMLİĞİ
Kontrol Alanı KOHA_MİRAKIL
005 - EN SON İŞLEM TARİHİ ve ZAMANI
Kontrol Alanı 20260207001715.0
007 - FİZİKSEL TANIM SABİT ALAN - GENEL BİLGİ
Sabit uzunluklu kontrol alanı ta
008 - SABİT UZUNLUKTAKİ VERİ ÖGELERİ - GENEL BİLGİ
Sabit Alan 091022b2003 tu |||gr||||#||||0|tur |
020 ## - ISBN - ULUSLARARASI STANDART KİTAP NUMARASI
Isbn 9752973353
040 ## - KATALOGLAMA KAYNAĞI
Özgün Kataloglama Kurumu TR-BiSEU
Kataloglama Dili tur
Çeviri Kurumu TR-BiSEU
Açıklama Kuralları rda
041 0# - DİL KODU
Metin ya da ses kaydının dil kodu tur
044 ## - YAYINLAYAN/ÜRETEN KURULUŞUN ÜLKE KODU
ISO country code tu
050 ## - SINIFLAMA ve YER NUMARASI
Sınıflama Numarası JQ1805
Yer Numarası .O95 2003
100 1# - KİŞİ ADI
Yazar Adı (Kişi adı) Özkan, Tuncay.
245 1# - ESER ADI BİLDİRİMİ
Başlık MİT'in gizli tarihi/
Sorumluluk Bildirimi Tuncay Özkan ; Tuncay Özkan.
264 #1 - ÜRERİM, YAYIN, DAĞITIM ve TELİF BİLDİRİMİ
Yayın yeri İstanbul :
Yayınlayan Alfa Yayınları
Yayın tarihi 2003
300 ## - FİZİKSEL TANIMLAMA
Sayfa, Cilt vb. 612 sayfa
336 ## - İÇERİK TÜRÜ
Content type term metin
Content type code txt
Source rdacontent
337 ## - MEDYA TÜRÜ
Media type term aracısız
Media type code n
Source rdamedia
338 ## - TAŞIYICI TÜRÜ
Carrier type term cilt
Carrier type code nc
Source rdacarrier
490 1# - DİZİ BİLDİRİMİ
Dizi Bildirimi Alfa yayınları ;
Cilt Numarası 1318.
490 1# - DİZİ BİLDİRİMİ
Dizi Bildirimi Güncel dizisi ;
Cilt Numarası 52.
500 ## - GENEL NOT
Genel Not Kaynakça ve dizin var.
650 #0 - KONU BAŞLIĞI EK GİRİŞ - KONU TERİMİ
Konusal terim veya coğrafi ad Milli İstihbarat Teşkilatı.
9 (RLIN) 23768
650 #0 - KONU BAŞLIĞI EK GİRİŞ - KONU TERİMİ
Konusal terim veya coğrafi ad Gizli servisler--Türkiye.
9 (RLIN) 23769
650 #0 - KONU BAŞLIĞI EK GİRİŞ - KONU TERİMİ
Konusal terim veya coğrafi ad Secret service--Turkey--History.
9 (RLIN) 16368
650 #0 - KONU BAŞLIĞI EK GİRİŞ - KONU TERİMİ
Konusal terim veya coğrafi ad Intelligence service--Turkey--History.
9 (RLIN) 8735
830 1# - SERİ EK GİRİŞİ - TEKBİÇİM ESER ADI
Tekbiçim Başlık Alfa yayınları ;
Volume number/sequential designation 1318.
9 (RLIN) 3219
830 1# - SERİ EK GİRİŞİ - TEKBİÇİM ESER ADI
Tekbiçim Başlık Güncel dizisi ;
Volume number/sequential designation 52.
9 (RLIN) 23770
942 ## - EK GİRİŞ ÖGELERİ (KOHA)
Source of classification or shelving scheme Library of Congress Classification
Koha item type Book
Holdings
Materyal Türü Kalıcı Konum Mevcut Konum Raf Yeri Sınıflandırma Kaynağı Edinim Bilgisi Ana Konular Alt Konular Yer Numarası Demirbaş Numarası Fatura Tarihi Maliyet, Alış Fiyatı Maliyet, Yenileme Fiyatı Geri Çekilme Durumu Kayıp Durumu Hasarlı Durumu Kredi için değil Kayıt Tarih Toplam Ödünçverme Son Görülme Tarihi Son Kontrol Tarihi Genel / Bağış Notu
Book Prof. Dr. Azmi Özcan Kütüphanesi Prof. Dr. Azmi Özcan Kütüphanesi Uluğbey Salonu Library of Congress Classification Bağış SİYASET BİLİMİ Siyasi Kurumlar ve Kamu Yönetimi (Asya, Afrika, Okyanusya vb.) JQ1805 .O95 2003 0009610 13/08/2010 10.00 10.00         22/10/2009 13 02/06/2025 02/06/2025 Genel Bağış